[Event "WC-2011-F-00001"]
[Site "LSS email"]
[Date "2011.11.23"]
[Round "?"]
[White "Laghetti, Gaetano"]
[Black "Mueller, Klaus Detlef"]
[Result "1/2-1/2"]
[WhiteElo "2402"]
[BlackElo "2411"]
[PlyCount "129"]
[EventDate "2011.12.01"]
[EventType "tourn (corr)"]
[EventRounds "14"]
[EventCountry "GER"]
[SourceTitle "Telechess CBM 163"]
[Source "ChessBase"]
[SourceDate "2014.11.11"]
[SourceVersion "2"]
[SourceVersionDate "2014.11.11"]
[SourceQuality "1"]

1. d4 Nf6 2. c4 g6 3. Nc3 d5 4. cxd5 Nxd5 5. e4 Nxc3 6. bxc3 Bg7 7. Bc4 c5 8. Ne2 Nc6 9. Be3 0-0 10. 0-0 b6 11. dxc5 Qc7 12. Nd4 Ne5 13. Nb5 Qb8 14. Bd5 Ng4 15. g3 Nxe3 16. fxe3 Bh3 17. Rf2 bxc5 18. Rb1 Bh6 19. Qf3 Qe5 20. Bxa8 Rxa8 21. Qxf7+ Kh8 22. Qd5 Qxd5 23. exd5 Bxe3 24. Re1 Bxf2+ 25. Kxf2 Rf8+ 26. Ke3 Bf1 27. Nc7 Rf5 28. Kd2 Rf2+ 29. Kd1 Rf7 30. a4 Kg8 31. a5 Bc4 32. Re4 Bd3 33. Re6 Bc4 34. Rc6 Rf1+ 35. Kd2 Rf2+ 36. Ke3 Re2+ 37. Kf3 Rxh2 38. Rxc5 Bf1 39. Nb5 Bxb5 40. Rxb5 Rc2 41. Rc5 Kf7 42. Ke4 Ra2 43. c4 Ke8 44. Ke5 Ra4 45. d6 exd6+ 46. Kxd6 Kd8 47. Kc6 a6 48. Kb7 Rb4+ 49. Kxa6 Kd7 50. Ka7 Kd6 51. Rc8 Rb3 52. Rd8+ Kc6 53. g4 h5 54. Rb8 Ra3 55. Rb6+ Kc5 56. a6 h4 57. Rxg6 h3 58. Kb7 Kxc4 59. Rc6+ Kd5 60. Rh6 Rb3+ 61. Kc7 Rc3+ 62. Kb8 Rb3+ 63. Ka8 Ke5 64. a7 Kf4 65. Rh4 1/2-1/2

[Event "LSS WC-2011-T-00005"]
[Site "LSS email"]
[Date "2010.06.10"]
[Round "?"]
[White "Mueller, Klaus Detlef"]
[Black "Calugaru, Viorel"]
[Result "1/2-1/2"]
[WhiteElo "2376"]
[BlackElo "2360"]
[PlyCount "86"]
[EventDate "2010.06.15"]
[EventType "tourn (corr)"]
[EventRounds "10"]
[EventCountry "GER"]
[SourceTitle "Telechess CBM 143"]
[Source "ChessBase"]
[SourceDate "2011.07.15"]
[SourceVersion "1"]
[SourceVersionDate "2011.07.15"]
[SourceQuality "1"]

1. e4 c5 2. Nf3 d6 3. d4 cxd4 4. Nxd4 Nf6 5. Nc3 a6 6. Bg5 e6 7. f4 Nbd7 8. Qe2 Qc7 9. 0-0-0 b5 10. a3 Be7 11. g4 Bb7 12. Kb1 h6 13. Bh4 Rc8 14. Rg1 g5 15. fxg5 hxg5 16. Bxg5 Qb6 17. Qe1 Rxc3 18. Bxf6 Nxf6 19. Qxc3 Nxe4 20. Qe1 Bf6 21. c3 Rxh2 22. g5 Nxg5 23. Qg3 Rh8 24. Bg2 Be4+ 25. Ka1 Bxg2 26. Qxg2 d5 27. Rgf1 Be7 28. Rd3 Kd7 29. Rg3 Rh5 30. Nf3 Ne4 31. Rg7 Nd6 32. Ne1 d4 33. Qg1 Qc7 34. Qxd4 Rd5 35. Qg4 Qc4 36. Qxc4 Rd1+ 37. Ka2 bxc4 38. Rgg1 e5 39. Nf3 Rxf1 40. Rxf1 Ke6 41. Re1 e4 42. Kb1 f5 43. Nd4+ Kd5 1/2-1/2

[Event "LSS WC-2010-T-00003"]
[Site "LSS email"]
[Date "2009.06.12"]
[Round "?"]
[White "Mueller, Klaus Detlef"]
[Black "Baklanov, Valentin Petrovich"]
[Result "1/2-1/2"]
[WhiteElo "2399"]
[BlackElo "2359"]
[PlyCount "79"]
[EventDate "2009.06.17"]
[EventType "tourn (corr)"]
[EventRounds "12"]
[EventCountry "GER"]
[SourceTitle "Telechess CBM 137"]
[Source "ChessBase"]
[SourceDate "2010.07.15"]
[SourceVersion "1"]
[SourceVersionDate "2010.07.15"]
[SourceQuality "1"]

1. d4 Nf6 2. c4 g6 3. Nc3 d5 4. Bg5 Ne4 5. Bh4 Nxc3 6. bxc3 dxc4 7. e3 Be6 8. Be2 Nd7 9. Nf3 Nb6 10. e4 Bg7 11. 0-0 0-0 12. a4 a5 13. Qc2 Bd7 14. Bg3 Qe8 15. Bxc7 Nxa4 16. Rfb1 b5 17. Bg3 f5 18. Rxa4 bxa4 19. Bxc4+ Kh8 20. Qd2 Qc8 21. Ne5 Be6 22. d5 Bg8 23. Qe3 fxe4 24. Qxe4 a3 25. h3 Qf5 26. Qe1 Rfd8 27. Bd3 Qf8 28. Ra1 Rd6 29. Rxa3 e6 30. c4 exd5 31. Rxa5 Re8 32. cxd5 Rxd5 33. Bxg6 Rdxe5 34. Rxe5 Rxe5 35. Bxe5 hxg6 36. f4 Bf7 37. Bxg7+ Kxg7 38. Qe5+ Kg8 39. f5 gxf5 40. Qxf5 1/2-1/2

[Event "IECG WC Cand email"]
[Site "IECG email"]
[Date "2008.04.15"]
[Round "?"]
[White "Bubir, Alex Nikolaevich"]
[Black "Mueller, Klaus Detlef"]
[Result "1-0"]
[WhiteElo "2464"]
[BlackElo "2393"]
[PlyCount "29"]
[EventDate "2008.02.15"]
[EventType "tourn (corr)"]
[EventRounds "6"]
[SourceTitle "Corr 2011"]
[Source "ChessBase"]
[SourceDate "2010.08.31"]
[SourceVersion "1"]
[SourceVersionDate "2010.08.31"]
[SourceQuality "1"]

1. d4 d5 2. c4 c6 3. Nf3 Nf6 4. Nc3 e6 5. Bg5 Nbd7 6. e3 Qa5 7. cxd5 Nxd5 8. Qd2 Bb4 9. Rc1 h6 10. Bh4 c5 11. a3 Bxc3 12. bxc3 b6 13. c4 Qxd2+ 14. Nxd2 cxd4 15. cxd5 1-0

[Event "IECG WC.2004.F.00001"]
[Site "IECG email"]
[Date "2005.05.16"]
[Round "?"]
[White "Haug, Ulrich"]
[Black "Mueller, Klaus Detlef"]
[Result "1/2-1/2"]
[WhiteElo "2289"]
[BlackElo "2377"]
[PlyCount "76"]
[EventDate "2005.05.16"]
[EventType "tourn (corr)"]
[EventRounds "6"]
[SourceTitle "Corr 2008"]
[Source "ChessBase"]
[SourceDate "2008.06.24"]
[SourceVersion "1"]
[SourceVersionDate "2008.06.24"]
[SourceQuality "1"]

1. e4 c5 2. Nf3 Nc6 3. d4 cxd4 4. Nxd4 Nf6 5. Nc3 e5 6. Ndb5 d6 7. Nd5 Nxd5 8. exd5 Nb8 9. c4 Be7 10. Bd3 a6 11. Nc3 0-0 12. 0-0 f5 13. f3 Nd7 14. Be3 Bg5 15. Bf2 Bh4 16. g3 Bg5 17. Qe2 b6 18. Rad1 Qf6 19. h4 Bh6 20. g4 e4 21. fxe4 f4 22. e5 Nxe5 23. g5 Bxg5 24. Ne4 Qg6 25. Nxg5 Nxd3 26. Qxd3 Bf5 27. Qf3 h6 28. Qg2 hxg5 29. Qxg5 Qxg5+ 30. hxg5 Bg4 31. Rd2 Rac8 32. b3 b5 33. cxb5 axb5 34. Bh4 f3 35. Re1 Rf5 36. Kf2 Kf7 37. Bg3 Rc5 38. Re4 Rxg5 1/2-1/2

[Event "IECG WC.2004.F.00001"]
[Site "IECG email"]
[Date "2005.05.16"]
[Round "?"]
[White "Hoenig, Bernd"]
[Black "Mueller, Klaus Detlef"]
[Result "1/2-1/2"]
[WhiteElo "2395"]
[BlackElo "2377"]
[PlyCount "53"]
[EventDate "2005.05.16"]
[EventType "tourn (corr)"]
[EventRounds "6"]
[SourceTitle "Corr 2008"]
[Source "ChessBase"]
[SourceDate "2008.06.24"]
[SourceVersion "1"]
[SourceVersionDate "2008.06.24"]
[SourceQuality "1"]

1. e4 c5 2. Nf3 Nc6 3. d4 cxd4 4. Nxd4 Nf6 5. Nc3 e5 6. Ndb5 d6 7. Bg5 a6 8. Na3 b5 9. Bxf6 gxf6 10. Nd5 f5 11. Bd3 Be6 12. 0-0 Bxd5 13. exd5 Ne7 14. Re1 Bg7 15. c3 0-0 16. Qh5 e4 17. Bf1 Re8 18. Rad1 Rc8 19. Nc2 Rc5 20. Ne3 f4 21. Nf5 Nxf5 22. Qxf5 Qf6 23. Qd7 Qe7 24. Qg4 Qe5 25. Qd7 Qe7 26. Qg4 Qe5 27. Qd7 1/2-1/2

[Event "IECG WC.2004.F.00001"]
[Site "IECG email"]
[Date "2005.05.16"]
[Round "?"]
[White "Mueller, Klaus Detlef"]
[Black "Peek, Marcel"]
[Result "1/2-1/2"]
[WhiteElo "2377"]
[BlackElo "2480"]
[PlyCount "61"]
[EventDate "2005.05.16"]
[EventType "tourn (corr)"]
[EventRounds "6"]
[SourceTitle "Corr 2008"]
[Source "ChessBase"]
[SourceDate "2008.06.24"]
[SourceVersion "1"]
[SourceVersionDate "2008.06.24"]
[SourceQuality "1"]

1. e4 e6 2. d4 d5 3. Nd2 Nf6 4. e5 Nfd7 5. Bd3 c5 6. c3 Nc6 7. Ne2 cxd4 8. cxd4 f6 9. exf6 Nxf6 10. 0-0 Bd6 11. Nf3 Qc7 12. Bg5 0-0 13. Rc1 h6 14. Bh4 Nh5 15. Bg3 Nxg3 16. Nxg3 Qf7 17. Bb1 g5 18. Qd3 Bd7 19. a3 Rae8 20. Rce1 Re7 21. h3 Be8 22. Re3 Qg7 23. Rfe1 Rxf3 24. gxf3 Nxd4 25. Rd1 Nb5 26. Nf5 exf5 27. Qxd5+ Kh8 28. a4 Rxe3 29. fxe3 Qxb2 30. Qxf5 Qh2+ 31. Kf1 1/2-1/2

[Event "IECG WC.2004.F.00001"]
[Site "IECG email"]
[Date "2005.05.16"]
[Round "?"]
[White "Mueller, Klaus Detlef"]
[Black "Strangmueller, Andreas"]
[Result "1/2-1/2"]
[WhiteElo "2377"]
[BlackElo "2335"]
[PlyCount "112"]
[EventDate "2005.05.16"]
[EventType "tourn (corr)"]
[EventRounds "6"]
[SourceTitle "Corr 2008"]
[Source "ChessBase"]
[SourceDate "2008.06.24"]
[SourceVersion "1"]
[SourceVersionDate "2008.06.24"]
[SourceQuality "1"]

1. d4 Nf6 2. c4 e6 3. g3 d5 4. Bg2 Be7 5. Nf3 0-0 6. 0-0 dxc4 7. Qc2 a6 8. Qxc4 b5 9. Qc2 Bb7 10. Bd2 Ra7 11. Rc1 Be4 12. Qb3 Nbd7 13. Ba5 Qb8 14. Qe3 Ba8 15. b4 Bd6 16. Nbd2 Re8 17. Rc2 e5 18. Rac1 exd4 19. Qd3 Ne4 20. Nb3 Nef6 21. Nbxd4 Be4 22. Qd2 Rb7 23. Nc6 Qa8 24. Nfd4 Nb6 25. Bxe4 Nxe4 26. Qd3 Bf8 27. f3 Nd6 28. e4 Ndc4 29. f4 Nxa5 30. bxa5 Nc4 31. Kh1 Rbb8 32. a4 Rbd8 33. axb5 axb5 34. Qf3 Rd7 35. e5 Qa6 36. Qe4 Ba3 37. Rb1 Bf8 38. Re1 Bc5 39. Nb3 Rd6 40. Ne7+ Rxe7 41. Nxc5 Qc6 42. a6 Qxe4+ 43. Rxe4 Rd5 44. Ra2 Re8 45. a7 Ra8 46. Nb3 c5 47. Ra6 h5 48. Re1 Rd7 49. Rea1 Rc7 50. Kg2 b4 51. Rc1 Ne3+ 52. Kf3 Rcxa7 53. Rxa7 Rxa7 54. Kxe3 Ra3 55. Rxc5 Rxb3+ 56. Ke4 g6 1/2-1/2

[Event "CFriend AC-2004-Q-00001 email"]
[Site "Chessfriend.com"]
[Date "2004.07.14"]
[Round "?"]
[White "Terreaux, Gilles"]
[Black "Mueller, Klaus Detlef"]
[Result "1/2-1/2"]
[WhiteElo "2346"]
[BlackElo "2384"]
[PlyCount "59"]
[EventDate "2004.??.??"]
[EventType "tourn (corr)"]
[EventRounds "10"]
[SourceTitle "Corr 2008"]
[Source "ChessBase"]
[SourceDate "2008.06.24"]
[SourceVersion "1"]
[SourceVersionDate "2008.06.24"]
[SourceQuality "1"]

1. Nf3 Nf6 2. c4 e6 3. g3 d5 4. Bg2 Be7 5. 0-0 0-0 6. Qc2 c5 7. d4 cxd4 8. Nxd4 Nc6 9. Nxc6 bxc6 10. Rd1 Ba6 11. b3 Qb6 12. Be3 Bc5 13. Bxc5 Qxc5 14. Nc3 Rab8 15. Rac1 Rfc8 16. Qd2 dxc4 17. Ne4 Nxe4 18. Bxe4 Qe5 19. Bf3 Qc7 20. bxc4 Rd8 21. Qc2 c5 22. Qa4 Rb6 23. Kg2 Kf8 24. Rxd8+ Qxd8 25. Rc3 Rd6 26. Qc2 Kg8 27. Qe4 Qc8 28. Rd3 Rxd3 29. Qxd3 Qc7 30. Qe4 1/2-1/2

[Event "IECG WC.2003.F.00001 email"]
[Site "IECG email"]
[Date "2003.12.20"]
[Round "?"]
[White "Brueckner, Joachim"]
[Black "Mueller, Klaus Detlef"]
[Result "1/2-1/2"]
[WhiteElo "2370"]
[BlackElo "2325"]
[PlyCount "65"]
[EventDate "2003.12.20"]
[EventType "tourn (corr)"]
[EventRounds "14"]
[SourceTitle "Corr 2008"]
[Source "ChessBase"]
[SourceDate "2008.06.24"]
[SourceVersion "1"]
[SourceVersionDate "2008.06.24"]
[SourceQuality "1"]

1. e4 c5 2. Nf3 Nc6 3. d4 cxd4 4. Nxd4 Nf6 5. Nc3 e5 6. Ndb5 d6 7. Nd5 Nxd5 8. exd5 Nb8 9. c4 Be7 10. Bd3 a6 11. Nc3 0-0 12. 0-0 f5 13. f3 Bg5 14. Kh1 Nd7 15. b4 a5 16. Nb5 Bxc1 17. Rxc1 axb4 18. Nxd6 Nc5 19. Nxc8 Qxc8 20. Bb1 Re8 21. Qe2 e4 22. fxe4 fxe4 23. Qb2 Nd3 24. Bxd3 exd3 25. Qxb4 Rxa2 26. c5 Ree2 27. Rg1 Rac2 28. Rxc2 dxc2 29. Qc4 Rd2 30. c6 bxc6 31. dxc6+ Kh8 32. Qc3 Rd6 33. Qxc2 1/2-1/2

[Event "IECG WC.2003.F.00001 email"]
[Site "IECG email"]
[Date "2003.12.20"]
[Round "?"]
[White "Mueller, Klaus Detlef"]
[Black "Claridge, John Bleddyn"]
[Result "1-0"]
[WhiteElo "2325"]
[BlackElo "2381"]
[PlyCount "74"]
[EventDate "2003.12.20"]
[EventType "tourn (corr)"]
[EventRounds "14"]
[SourceTitle "Corr 2008"]
[Source "ChessBase"]
[SourceDate "2008.06.24"]
[SourceVersion "1"]
[SourceVersionDate "2008.06.24"]
[SourceQuality "1"]

1. d4 Nf6 2. c4 e6 3. Nf3 c5 4. d5 d6 5. Nc3 exd5 6. cxd5 g6 7. Nd2 Bg7 8. e4 0-0 9. Be2 Re8 10. 0-0 Nbd7 11. a4 Ne5 12. Qc2 g5 13. Ra3 g4 14. Nd1 Ng6 15. Bb5 Rf8 16. f4 gxf3 17. Nxf3 a6 18. Bd3 Qe7 19. a5 Bd7 20. Bg5 h6 21. Bd2 Rfe8 22. Nf2 Rac8 23. Qc1 c4 24. Bc2 Qf8 25. Bc3 Nh5 26. Kh1 Nhf4 27. Qd2 Bxc3 28. Rxc3 Qg7 29. Nd1 Nd3 30. Bxd3 cxd3 31. Rxc8 Rxc8 32. Nc3 Rc5 33. Qxd3 Rxa5 34. Qc4 Rc5 35. Qb4 Bb5 36. Nxb5 axb5 37. Qd2 Rc4 1-0

[Event "IECG WC.2003.F.00001 email"]
[Site "IECG email"]
[Date "2003.12.20"]
[Round "?"]
[White "Weber, Karlheinz"]
[Black "Mueller, Klaus Detlef"]
[Result "1/2-1/2"]
[WhiteElo "2336"]
[BlackElo "2325"]
[PlyCount "69"]
[EventDate "2003.12.20"]
[EventType "tourn (corr)"]
[EventRounds "14"]
[SourceTitle "Corr 2008"]
[Source "ChessBase"]
[SourceDate "2008.06.24"]
[SourceVersion "1"]
[SourceVersionDate "2008.06.24"]
[SourceQuality "1"]

1. d4 f5 2. g3 Nf6 3. Bg2 e6 4. Nf3 d5 5. c4 c6 6. 0-0 Bd6 7. Bf4 Bxf4 8. gxf4 0-0 9. e3 Ne4 10. Nbd2 Nd7 11. Rc1 Qe7 12. Qc2 Kh8 13. Kh1 b6 14. cxd5 cxd5 15. Qa4 Nxd2 16. Nxd2 Nf6 17. Rc2 Bd7 18. Qa6 Bc8 19. Qd3 a5 20. Qb3 Ba6 21. Rfc1 Rfb8 22. Rc7 Qb4 23. Qc3 Qxc3 24. R1xc3 Rc8 25. Bf1 Rxc7 26. Rxc7 Rc8 27. Rxc8+ Bxc8 28. Nf3 Kg8 29. Kg2 Bd7 30. Ne5 Be8 31. f3 Kf8 32. b3 a4 33. Kf2 axb3 34. axb3 Ke7 35. Be2 1/2-1/2

[Event "CFriend AR-2003-Q-00008 email"]
[Site "Chessfriend.com"]
[Date "2003.12.03"]
[Round "1"]
[White "Alvarez, Roberto Gabriel"]
[Black "Mueller, Klaus Detlef"]
[Result "1-0"]
[WhiteElo "2527"]
[BlackElo "2380"]
[PlyCount "69"]
[EventDate "2003.??.??"]
[EventType "tourn (corr)"]
[EventRounds "12"]
[SourceTitle "Corr 2008"]
[Source "ChessBase"]
[SourceDate "2008.06.24"]
[SourceVersion "1"]
[SourceVersionDate "2008.06.24"]
[SourceQuality "1"]

1. d4 d5 2. c4 dxc4 3. Nf3 e6 4. e3 a6 5. Bxc4 c5 6. 0-0 Nf6 7. Bb3 cxd4 8. exd4 Nc6 9. Nc3 Be7 10. Bg5 b5 11. d5 Nxd5 12. Nxd5 Bxg5 13. Nxg5 Qxg5 14. Nc7+ Ke7 15. Nxa8 Bb7 16. Qc2 Rxa8 17. f4 Qf5 18. Qxf5 exf5 19. Rfe1+ Kf8 20. Rad1 Na5 21. Bxf7 Kxf7 22. Rd7+ Kf8 23. b4 Bxg2 24. Kxg2 Nc6 25. Rc1 Rd8 26. Rxd8+ Nxd8 27. Kg3 h6 28. h4 h5 29. Rc5 g6 30. Rc7 Ke8 31. a3 Ne6 32. Rc6 Kf7 33. Rd6 Ke7 34. Rxa6 Kf7 35. Rd6 1-0

[Event "CFriend AR-2003-Q-00008 email"]
[Site "Chessfriend.com"]
[Date "2003.12.03"]
[Round "1"]
[White "Cinca, Daniel"]
[Black "Mueller, Klaus Detlef"]
[Result "1/2-1/2"]
[WhiteElo "1984"]
[BlackElo "2380"]
[PlyCount "99"]
[EventDate "2003.??.??"]
[EventType "tourn (corr)"]
[EventRounds "12"]
[SourceTitle "Corr 2008"]
[Source "ChessBase"]
[SourceDate "2008.06.24"]
[SourceVersion "1"]
[SourceVersionDate "2008.06.24"]
[SourceQuality "1"]

1. d4 f5 2. c4 Nf6 3. g3 e6 4. Bg2 d5 5. Nf3 c6 6. 0-0 Bd6 7. Bf4 Bxf4 8. gxf4 0-0 9. e3 Ne4 10. Nbd2 Nd7 11. Qe2 Qe7 12. Nxe4 fxe4 13. Nd2 Nf6 14. f3 exf3 15. Nxf3 Bd7 16. Ne5 Be8 17. Bh3 Bh5 18. Qg2 Nd7 19. Nxd7 Qxd7 20. cxd5 Qxd5 21. Qg3 Bg6 22. Rfc1 Bf5 23. Rc5 Qd6 24. Bg2 Rf6 25. Kh1 Raf8 26. b4 a6 27. Qe1 Rh6 28. a4 Kh8 29. b5 axb5 30. axb5 g5 31. bxc6 gxf4 32. exf4 Qxf4 33. Qe5+ Qxe5 34. dxe5 bxc6 35. Rxc6 Rh4 36. Rca6 Rc8 37. Ra7 Rd4 38. Bf3 Rd2 39. R7a2 Rcc2 40. Rxc2 Rxc2 41. Ra7 Rf2 42. Bg2 Re2 43. Kg1 Rxe5 44. Kf2 Rc5 45. Bf3 e5 46. h4 Kg8 47. h5 Kf8 48. Ke3 Rc3+ 49. Kf2 Bc2 50. Bd5 1/2-1/2

[Event "CFriend AR-2003-Q-00008 email"]
[Site "Chessfriend.com"]
[Date "2003.12.03"]
[Round "1"]
[White "Mueller, Klaus Detlef"]
[Black "Lindam, Ingo"]
[Result "1/2-1/2"]
[WhiteElo "2380"]
[BlackElo "2004"]
[PlyCount "63"]
[EventDate "2003.??.??"]
[EventType "tourn (corr)"]
[EventRounds "12"]
[SourceTitle "Corr 2008"]
[Source "ChessBase"]
[SourceDate "2008.06.24"]
[SourceVersion "1"]
[SourceVersionDate "2008.06.24"]
[SourceQuality "1"]

1. d4 Nf6 2. c4 e6 3. g3 d5 4. Nf3 dxc4 5. Bg2 Nc6 6. Qa4 Bb4+ 7. Bd2 Nd5 8. Bxb4 Ndxb4 9. 0-0 Rb8 10. Nc3 a6 11. Ne5 0-0 12. Bxc6 Nxc6 13. Nxc6 bxc6 14. Qxc4 Rxb2 15. Rab1 Rb6 16. Qc5 f6 17. a4 Re8 18. a5 Rxb1 19. Rxb1 Qd6 20. Qc4 Kf8 21. Ne4 Qd5 22. Qb4+ Kf7 23. Nc3 Qh5 24. f4 Rd8 25. Rb2 Kg6 26. Rb1 Kf7 27. Rd1 Bd7 28. Kg2 e5 29. dxe5 Bh3+ 30. Kf2 Rxd1 31. Nxd1 fxe5 32. Ne3 1/2-1/2

[Event "CFriend AR-2003-Q-00008 email"]
[Site "Chessfriend.com"]
[Date "2003.12.03"]
[Round "1"]
[White "Mueller, Klaus Detlef"]
[Black "Tushev, Andrey"]
[Result "1-0"]
[WhiteElo "2380"]
[BlackElo "2186"]
[PlyCount "83"]
[EventDate "2003.??.??"]
[EventType "tourn (corr)"]
[EventRounds "12"]
[SourceTitle "Corr 2008"]
[Source "ChessBase"]
[SourceDate "2008.06.24"]
[SourceVersion "1"]
[SourceVersionDate "2008.06.24"]
[SourceQuality "1"]

1. e4 e5 2. Nf3 Nf6 3. Nxe5 Qe7 4. Nf3 Nxe4 5. Be2 d5 6. 0-0 Be6 7. Nc3 Nc6 8. Bb5 Qc5 9. a4 Be7 10. d4 Qd6 11. Re1 Nxc3 12. bxc3 0-0 13. c4 dxc4 14. Ba3 Nb4 15. c3 c5 16. Ne5 Qc7 17. Bxc4 Bxc4 18. Nxc4 Na6 19. Re4 Bf6 20. Qe2 Rfd8 21. Ne3 h6 22. Rb1 Qc6 23. Ng4 Rab8 24. Re1 Rd5 25. Qf3 Rbd8 26. Rf4 R5d6 27. Nxf6+ Rxf6 28. Rxf6 Qxf6 29. Qxb7 Qb6 30. Qxb6 axb6 31. dxc5 bxc5 32. Kf1 Rd2 33. Re5 f6 34. Re8+ Kf7 35. Rc8 Rc2 36. Bxc5 Rxc3 37. Rf8+ Kg6 38. Bb6 Ra3 39. a5 Nb4 40. Rd8 Nd3 41. g3 Kf5 42. Rd7 1-0

[Event "IECG WC.2004.T.00005 email"]
[Site "IECG email"]
[Date "2003.08.15"]
[Round "?"]
[White "Mueller, Klaus Detlef"]
[Black "Schmitzer, Klaus"]
[Result "1-0"]
[WhiteElo "2375"]
[BlackElo "2275"]
[PlyCount "125"]
[EventDate "2003.08.15"]
[EventType "tourn (corr)"]
[EventRounds "8"]
[SourceTitle "Corr 2008"]
[Source "ChessBase"]
[SourceDate "2008.06.24"]
[SourceVersion "1"]
[SourceVersionDate "2008.06.24"]
[SourceQuality "1"]

1. d4 f5 2. g3 Nf6 3. Bg2 e6 4. Nh3 d5 5. 0-0 Bd6 6. c4 c6 7. Bf4 0-0 8. Qc2 Be7 9. Nd2 Na6 10. a3 h6 11. Be5 g5 12. f4 Ng4 13. Qc3 Nxe5 14. fxe5 Nc7 15. e3 b6 16. b4 a5 17. c5 Rb8 18. Rfc1 Ba6 19. cxb6 Nb5 20. Qd3 Qxb6 21. bxa5 Qb7 22. Nf2 c5 23. dxc5 Na7 24. Qc3 Qc7 25. Nb3 Bc4 26. Nd4 Qxe5 27. Bf1 Rfc8 28. c6 Bxf1 29. Kxf1 Bd6 30. Ra2 Qf6 31. Qd3 Rc7 32. Rac2 Be5 33. Kg2 Rbc8 34. a6 g4 35. Nxg4 fxg4 36. Rf1 Qe7 37. Qg6+ Kh8 38. Nxe6 Qh7 39. Nf8 Qg7 40. Qf5 Rxc6 41. Rxc6 Rxc6 42. Ne6 Qf6 43. Qxf6+ Bxf6 44. Rxf6 Rxa6 45. Rxh6+ Kg8 46. Rg6+ Kf7 47. Rg7+ Kf6 48. Nc7 Ra4 49. Rg8 Ke5 50. Rg5+ Kf6 51. Rxd5 Rxa3 52. h4 gxh3+ 53. Kxh3 Rc3 54. Rd6+ Kf5 55. Nd5 Rc1 56. Rd7 Nc8 57. g4+ Ke5 58. Nf4 Ke4 59. Ng2 Nb6 60. Re7+ Kf3 61. Rf7+ Ke4 62. g5 Nd5 63. g6 1-0

[Event "CFriend AC-2003-Q-00003 email"]
[Site "Chessfriend.com"]
[Date "2003.07.01"]
[Round "?"]
[White "Harding, Timothy David"]
[Black "Mueller, Klaus Detlef"]
[Result "1/2-1/2"]
[WhiteElo "2080"]
[BlackElo "2372"]
[PlyCount "53"]
[EventDate "2003.07.01"]
[EventType "tourn (corr)"]
[EventRounds "10"]
[SourceTitle "Corr 2008"]
[Source "ChessBase"]
[SourceDate "2008.06.24"]
[SourceVersion "1"]
[SourceVersionDate "2008.06.24"]
[SourceQuality "1"]

1. e4 c5 2. Nf3 d6 3. d4 cxd4 4. Nxd4 Nf6 5. Nc3 a6 6. Bg5 e6 7. f4 Qb6 8. Qd2 Qxb2 9. Nb3 Qa3 10. Bxf6 gxf6 11. Be2 h5 12. 0-0 Nc6 13. Kh1 Bd7 14. Nb1 Qb4 15. Qe3 Ne7 16. a3 Qa4 17. Nc3 Qc6 18. Rad1 Rc8 19. Rd3 Qc7 20. f5 Rh6 21. Qf4 e5 22. Qe3 Bc6 23. Qh3 h4 24. Rfd1 Rd8 25. a4 Rd7 26. a5 Bg7 27. R3d2 1/2-1/2

[Event "CFriend AC-2003-Q-00003 email"]
[Site "Chessfriend.com"]
[Date "2003.07.01"]
[Round "?"]
[White "Mueller, Klaus Detlef"]
[Black "Gutsche, Dieter"]
[Result "1/2-1/2"]
[WhiteElo "2375"]
[BlackElo "2490"]
[PlyCount "42"]
[EventDate "2003.07.01"]
[EventType "tourn (corr)"]
[EventRounds "10"]
[SourceTitle "Corr 2008"]
[Source "ChessBase"]
[SourceDate "2008.06.24"]
[SourceVersion "1"]
[SourceVersionDate "2008.06.24"]
[SourceQuality "1"]

1. e4 c5 2. Nf3 Nc6 3. Nc3 Nf6 4. Bb5 Qc7 5. 0-0 Nd4 6. Re1 a6 7. Bc4 d6 8. Nd5 Nxd5 9. exd5 b5 10. Nxd4 bxc4 11. Ne2 g6 12. Nc3 Bg7 13. Qe2 0-0 14. Qxc4 Rb8 15. a3 Qb7 16. Rb1 e6 17. b4 exd5 18. Qxd5 Bf5 19. Qxb7 Rxb7 20. Ne4 Rc7 21. Bb2 Bxe4 1/2-1/2